000 00988cam a2200301 4500
001 J2396
008 090401t1994 xxu||||| |||| 00| 0 eng d
035 _a(Sirsi) u48869
041 _aeng
050 _a333.337094212
110 _aLondon
_bCorporation of London
_92224
245 4 _aThe City of London to the year 2000 and beyond: seminar, 16th May 1994: prospects for office demand.
260 _aLondon
_bSt Quintin
_c1994
300 _a50p. ; 30cm.
350 _a0
520 _aResearch undertaken by St Quintin. Organising committee chaired by Julian Nairn. Held in the Old Library, Guildhall, 16th May 1994.
650 _aCITY OF LONDON
650 _aFLOORSPACE
650 _aFORECASTS
650 _aOFFICES
650 _aST QUINTIN
690 _aPROPERTY-COMMERCIAL PROPERTY
700 _aNairn, Julian
_xChairman
710 _aInvestment Property Forum
_92112
710 _aRoyal Institution of Chartered Surveyors
_94900
942 _n0
948 _c04/03/1997
999 _c92423
_d92423